Statistiques concernant Les 20 meilleurs buteurs de tout les temps

Cliquez ici pour prendre le quiz!

Statistiques générales

  • Ce quiz a été pris 312 fois
  • Le résultat moyen est 8 sur 20

Statistiques - réponses

NationalitéNombre de ButsNom% Correct
Argentin821Messi
100%
Portugais869Ronaldo
100%
Brésilien762Pelé
96%
Allemand634Müller
83%
Hongrois724Puskas
77%
Polonais611Lewandowski
71%
Uruguayen557Suarez
69%
Portugais619Eusébio
68%
Suédois561Ibrahimovic
68%
Brésilien755Romario
34%
Espagnol530Di Stéfano
18%
Tchèque722Bican
12%
Nord Irlandais563Ferguson
1%
Portugais553Peyroteo
1%
Allemand552Seeler
1%
Nord Irlandais629Bambrick
0%
Nord Irlandais648Jones
0%
Néerlandais624Lenstra
0%
Ecossais552McGrory
0%
Hongrois517Sarosi
0%

Distribution des résultats

Percentile par nombre de réponses

% des personnes avec chaque résultat

Votre développement - résultats

Vous n’avez pas pris ce quiz